[Event "IV Open A"]
[Site "Padova ITA"]
[Date "2001.12.16"]
[Round "2"]
[White "Favero, Graziano"]
[Black "Sartori, Spartaco"]
[Result "0-1"]
[WhiteElo "1741"]
[BlackElo "2250"]
[PlyCount "82"]
[EventDate "2001.12.15"]

1. e4 e6 2. d4 d5 3. e5 c5 4. c3 Nc6 5. Nf3 Qb6 6. a3 c4 7. Nbd2 Na5 8. Be2 Bd7
9. O-O Ne7 10. Rb1 h6 11. b3 cxb3 12. c4 Ba4 13. c5 Qc7 14. Qe1 b6 15. cxb6
Qxb6 16. Bd1 Rb8 17. g4 Nec6 18. Qe3 Be7 19. Bb2 Bb5 20. Be2 Bxe2 21. Qxe2 Qb5
22. Qe3 h5 23. g5 O-O 24. Nh4 Nc4 25. Nxc4 dxc4 26. Rfc1 g6 27. Rc3 Qd5 28. Rd1
Rfd8 29. Nf3 Rbc8 30. Rcc1 Kg7 31. Nd2 c3 32. Rxc3 Qxd4 33. Qxd4 Nxd4 34. Rxc8
Nf3+ 35. Nxf3 Rxd1+ 36. Kg2 Rb1 37. Bd4 Bxa3 38. Bxa7 b2 39. Nd2 Rd1 40. Ne4
b1=Q 41. Nf6 Qb7+ 0-1

[Event "IV Open A"]
[Site "Padova ITA"]
[Date "2001.12.16"]
[Round "2"]
[White "Giacomini, Massimo"]
[Black "Quaranta, Cristiano"]
[Result "1-0"]
[WhiteElo "1884"]
[BlackElo "1627"]
[PlyCount "101"]
[EventDate "2001.12.15"]

1. Nf3 Nf6 2. c4 g6 3. g3 b6 4. Bg2 Bb7 5. O-O c5 6. d4 cxd4 7. Qxd4 Nc6 8. Qh4
Bg7 9. Bh6 O-O 10. Bxg7 Kxg7 11. e4 d6 12. Nc3 Na5 13. Rfd1 Qc8 14. b3 Qg4 15.
Qxg4 Nxg4 16. Nd5 Nc6 17. Nd4 Nge5 18. f4 Nxd4 19. Rxd4 Nc6 20. Rd2 Rfd8 21.
Rad1 Rd7 22. Bh3 e6 23. Nc3 Rad8 24. e5 Ne7 25. Rxd6 Rxd6 26. Rxd6 Rxd6 27.
exd6 Nc6 28. Nb5 Kf8 29. Bg2 a6 30. Nc7 a5 31. a3 Nd8 32. Bxb7 Nxb7 33. Na8
Nxd6 34. Nxb6 Ke7 35. Kf2 Nf5 36. b4 axb4 37. axb4 Kd6 38. Na4 Nd4 39. b5 Nb3
40. g4 Nd2 41. c5+ Kd5 42. b6 Kc6 43. Ke2 Nb3 44. Kd3 Na5 45. Kd4 f6 46. g5 e5+
47. fxe5 fxg5 48. e6 h5 49. Ke5 Nc4+ 50. Kf6 g4 51. e7 1-0

[Event "IV Open A"]
[Site "Padova ITA"]
[Date "2001.12.16"]
[Round "2"]
[White "Goi, Veronika"]
[Black "Lain, Luigi"]
[Result "0-1"]
[WhiteElo "1675"]
[BlackElo "1906"]
[PlyCount "80"]
[EventDate "2001.12.15"]

1. d4 d5 2. Nf3 Nf6 3. Bf4 Bf5 4. e3 e6 5. Bd3 Bxd3 6. Qxd3 c6 7. Nbd2 Bd6 8.
Bg5 Nbd7 9. e4 dxe4 10. Nxe4 Be7 11. Bf4 Nxe4 12. Qxe4 Nf6 13. Qd3 Qb6 14. Qb3
Nd5 15. Qxb6 axb6 16. Bd2 b5 17. O-O O-O 18. a3 Rfd8 19. c3 Nb6 20. Rad1 Nc4
21. Bc1 Bf6 22. Nd2 Rd5 23. Ne4 Be7 24. Rd3 e5 25. Rfd1 Rad8 26. Nd2 Nxd2 27.
R3xd2 Bg5 28. Re2 Bxc1 29. Rxc1 exd4 30. Rce1 Kf8 31. cxd4 Rxd4 32. Re7 Rd2 33.
Rxb7 Rxb2 34. h3 g6 35. a4 Rdd2 36. axb5 Rxf2 37. bxc6 Rxg2+ 38. Kh1 Rxb7 39.
Kxg2 Rc7 40. Rc1 Ke7 0-1

[Event "IV Open A"]
[Site "Padova ITA"]
[Date "2001.12.16"]
[Round "2"]
[White "Sanavio, Giancarlo"]
[Black "Cecchetto, Vanni"]
[Result "1/2-1/2"]
[WhiteElo "1702"]
[BlackElo "2062"]
[PlyCount "60"]
[EventDate "2001.12.15"]

1. Nf3 d5 2. c4 e6 3. g3 Nf6 4. Bg2 b6 5. O-O Be7 6. d4 Nbd7 7. Nc3 O-O 8. cxd5
exd5 9. Qc2 Bb7 10. Qf5 Re8 11. Bf4 c6 12. Ne5 g6 13. Qc2 Nxe5 14. dxe5 Nh5 15.
Bh6 Ng7 16. Bh3 Ne6 17. Rad1 Bg5 18. Bxg5 Qxg5 19. Bxe6 fxe6 20. f4 Qd8 21. e4
Qe7 22. f5 exf5 23. exf5 Qxe5 24. fxg6 Qe3+ 25. Rf2 d4 26. gxh7+ Kh8 27. Ne2 c5
28. Nf4 Be4 29. Qe2 Qxe2 30. Rxe2 Bxh7 1/2-1/2

[Event "IV Open A"]
[Site "Padova ITA"]
[Date "2001.12.16"]
[Round "2"]
[White "Sinato, Fabrizio"]
[Black "Opacic, Alexandar"]
[Result "1-0"]
[WhiteElo "1728"]
[BlackElo "2113"]
[PlyCount "35"]
[EventDate "2001.12.15"]

1. e4 c5 2. Nf3 e6 3. d4 cxd4 4. Nxd4 a6 5. Nc3 Qc7 6. Qd3 Nc6 7. Nxc6 dxc6 8.
Be3 e5 9. O-O-O b5 10. Be2 Be6 11. g3 Bb4 12. f4 Nf6 13. fxe5 Bc4 14. Qd4 Bxc3
15. bxc3 Bxe2 16. exf6 Bxd1 17. Bf4 Qd7 18. Qe5+ 1-0

[Event "IV Open A"]
[Site "Padova ITA"]
[Date "2001.12.16"]
[Round "2"]
[White "Tomba, Ivan"]
[Black "Pechy, Alaster"]
[Result "1-0"]
[WhiteElo "2109"]
[BlackElo "1672"]
[PlyCount "57"]
[EventDate "2001.12.15"]

1. e4 c5 2. Nf3 d6 3. d4 cxd4 4. Nxd4 Nf6 5. Nc3 g6 6. Be3 Bg7 7. f3 O-O 8. Qd2
Nc6 9. O-O-O Bd7 10. g4 Nxd4 11. Bxd4 Be6 12. Kb1 a6 13. h4 b5 14. h5 b4 15.
Nd5 Bxd5 16. exd5 a5 17. Qh2 a4 18. Bd3 e5 19. dxe6 g5 20. Qe2 Re8 21. exf7+
Kxf7 22. Qd2 b3 23. cxb3 axb3 24. a3 Qa5 25. Bc4+ d5 26. Bc3 Qc5 27. Bxb3 Reb8
28. Bb4 Qb5 29. Rh2 1-0

[Event "IV Open A"]
[Site "Padova ITA"]
[Date "2001.12.16"]
[Round "2"]
[White "Viola, Matteo"]
[Black "Trangoni, Bruno"]
[Result "0-1"]
[WhiteElo "1916"]
[BlackElo "1662"]
[PlyCount "62"]
[EventDate "2001.12.15"]

1. d4 f5 2. e4 fxe4 3. Nc3 Nf6 4. Bg5 Nc6 5. f3 e3 6. Bxe3 d5 7. a3 g6 8. Bd3
Bg7 9. Nge2 O-O 10. O-O Nh5 11. f4 Bg4 12. h3 Bc8 13. g4 Nf6 14. f5 e5 15. dxe5
Nxe5 16. fxg6 Bxg4 17. gxh7+ Kh8 18. hxg4 Nfxg4 19. Rxf8+ Qxf8 20. Qf1 Nf3+ 21.
Kh1 Nxe3 22. Qh3 Rd8 23. Nd1 Rd6 24. Nxe3 Rh6 25. Qxh6 Bxh6 26. Ng4 Qc8 27. Nf2
Be3 28. Kg2 Ng5 29. Rh1 Qf8 30. Rf1 Qf3+ 31. Kg1 Bxf2+ 0-1

[Event "IV Open A"]
[Site "Padova ITA"]
[Date "2001.12.16"]
[Round "3"]
[White "Bonetti, Carlo"]
[Black "Viaggi, Stefano"]
[Result "0-1"]
[WhiteElo "1664"]
[BlackElo "1764"]
[PlyCount "20"]
[EventDate "2001.12.15"]

1. e4 c6 2. Nc3 d5 3. Nf3 Bg4 4. h3 Bxf3 5. Qxf3 e6 6. b3 Nd7 7. Bb2 Ngf6 8.
exd5 cxd5 9. d4 Rc8 10. Bd3 Bb4 0-1

[Event "IV Open A"]
[Site "Padova ITA"]
[Date "2001.12.16"]
[Round "3"]
[White "Carini, Massimo"]
[Black "Dervishi, Erald"]
[Result "0-1"]
[WhiteElo "1872"]
[BlackElo "2501"]
[PlyCount "90"]
[EventDate "2001.12.15"]

1. Nf3 Nf6 2. c4 e6 3. d4 d5 4. e3 b6 5. Nc3 Bb7 6. cxd5 exd5 7. Ne5 Bd6 8. Bd3
O-O 9. O-O Nbd7 10. f4 a6 11. Qf3 Re8 12. g4 Nf8 13. g5 N6d7 14. Nxd7 Qxd7 15.
f5 c5 16. Bd2 Rad8 17. a4 Bb8 18. Be1 Qe7 19. Bf2 Qxg5+ 20. Kh1 Qh6 21. Qg2 Rd7
22. Rg1 f6 23. Rad1 Kh8 24. Be2 c4 25. Rdf1 Bc6 26. Nd1 Bxa4 27. Bg3 Bxg3 28.
Qxg3 Bxd1 29. Bxd1 Qxe3 30. Re1 Qxg3 31. hxg3 Rc8 32. Re3 Kg8 33. Rge1 b5 34.
Re7 b4 35. Bf3 c3 36. bxc3 bxc3 37. Rxd7 Nxd7 38. Bxd5+ Kf8 39. Bb7 Rc4 40.
Bxa6 Rxd4 41. Rc1 Nc5 42. Be2 Ne4 43. Bf3 Nxg3+ 44. Kg2 Nxf5 45. Rxc3 Nh4+ 0-1

[Event "IV Open A"]
[Site "Padova ITA"]
[Date "2001.12.16"]
[Round "3"]
[White "Caruso, Augusto"]
[Black "Giordan, Daniele"]
[Result "1-0"]
[WhiteElo "2260"]
[BlackElo "1425"]
[PlyCount "67"]
[EventDate "2001.12.15"]

1. e4 c6 2. d4 d5 3. Nc3 dxe4 4. Bc4 Bf5 5. f3 Nf6 6. fxe4 Bxe4 7. Nxe4 Nxe4 8.
Nf3 e6 9. O-O Nd7 10. Qe1 Nef6 11. Ng5 Qe7 12. a4 h6 13. Nf3 Nb6 14. Bb3 Nbd5
15. Bd2 Qc7 16. c4 Nb6 17. Ne5 Nbd7 18. Ba5 b6 19. Bc3 Be7 20. Bc2 O-O 21. Qg3
Rad8 22. Rae1 g5 23. Qh3 Kg7 24. d5 cxd5 25. cxd5 Qc5+ 26. Kh1 Nxe5 27. Rxe5
Rxd5 28. Re3 g4 29. Qxg4+ Rg5 30. Qf3 Kg8 31. h4 Nd5 32. Qe4 Rf5 33. Rg3+ Bg5
34. Rxf5 1-0

[Event "IV Open A"]
[Site "Padova ITA"]
[Date "2001.12.16"]
[Round "3"]
[White "Cecchetto, Vanni"]
[Black "Fracasso Pezzolato, Michele"]
[Result "1-0"]
[WhiteElo "2062"]
[BlackElo "1585"]
[PlyCount "81"]
[EventDate "2001.12.15"]

1. d4 Nf6 2. c4 g6 3. Nc3 Bg7 4. Nf3 d5 5. cxd5 Nxd5 6. Bd2 Bg4 7. e3 O-O 8.
Be2 Nc6 9. O-O e6 10. a3 Qd7 11. h3 Bf5 12. Re1 e5 13. dxe5 Nxe5 14. Nxe5 Bxe5
15. Bf3 Nf6 16. e4 Be6 17. Qe2 Bxh3 18. gxh3 Qxh3 19. Bg2 Qh4 20. f4 Bxf4 21.
Bxf4 Qxf4 22. Rf1 Qg5 23. Rae1 Ng4 24. Qf3 Qh5 25. Rf2 Qh2+ 26. Kf1 Nxf2 27.
Qxf2 Rad8 28. Nd5 Qe5 29. Re3 f5 30. exf5 Qd4 31. Ne7+ Kg7 32. Bf3 Qc4+ 33. Kg2
gxf5 34. Qg3+ Kh6 35. Rc3 Rd2+ 36. Kh3 Qf1+ 37. Bg2 Qf2 38. Ng8+ Rxg8 39. Qxg8
Rxb2 40. Rg3 Qd2 41. Qg7+ 1-0

[Event "IV Open A"]
[Site "Padova ITA"]
[Date "2001.12.16"]
[Round "3"]
[White "Lain, Luigi"]
[Black "Tomba, Ivan"]
[Result "0-1"]
[WhiteElo "1906"]
[BlackElo "2109"]
[PlyCount "50"]
[EventDate "2001.12.15"]

1. d4 Nf6 2. c4 g6 3. Nc3 Bg7 4. e4 d6 5. f3 O-O 6. Be3 Nc6 7. Qd2 a6 8. O-O-O
Rb8 9. h4 h5 10. Be2 e5 11. d5 Nd4 12. Nh3 c5 13. Rdg1 b5 14. g4 Qa5 15. Kb1
bxc4 16. gxh5 Nxh5 17. Nf2 Rb7 18. Nfd1 Bd7 19. Rg5 Nf4 20. Bxf4 exf4 21. Rg2
Rfb8 22. Bxc4 Rb4 23. Be2 Ba4 24. Qc1 Bc2+ 25. Qxc2 Nxc2 0-1

[Event "IV Open A"]
[Site "Padova ITA"]
[Date "2001.12.16"]
[Round "3"]
[White "Roberti, Ignazio"]
[Black "Cacco, Christian"]
[Result "0-1"]
[WhiteElo "1796"]
[BlackElo "2254"]
[PlyCount "66"]
[EventDate "2001.12.15"]

1. e4 g6 2. Nf3 Bg7 3. d4 d6 4. c3 c6 5. Be2 Nf6 6. Nbd2 Qc7 7. O-O Nbd7 8. Re1
O-O 9. Bd3 e5 10. dxe5 dxe5 11. Nf1 Rd8 12. Qe2 Nc5 13. Bc2 Nh5 14. Ng3 Nf4 15.
Qc4 b6 16. Bxf4 exf4 17. Ne2 Be6 18. Qb4 a5 19. Qa3 Bf8 20. Ned4 Bc4 21. b4 Na6
22. Qa4 axb4 23. Qxc6 bxc3 24. a4 Rac8 25. Qxc7 Rxc7 26. g3 fxg3 27. hxg3 Bc5
28. Ne2 Nb4 29. Rac1 Rd2 30. Bd1 Nd3 31. Rxc3 Bxf2+ 32. Kg2 Nxe1+ 33. Kxf2 Nxf3
0-1

[Event "IV Open A"]
[Site "Padova ITA"]
[Date "2001.12.16"]
[Round "3"]
[White "Sanavio, Giancarlo"]
[Black "Tomio, Dante"]
[Result "0-1"]
[WhiteElo "1702"]
[BlackElo "1788"]
[PlyCount "66"]
[EventDate "2001.12.15"]

1. Nf3 Nf6 2. c4 c6 3. g3 e6 4. Bg2 d5 5. b3 Nbd7 6. d4 g6 7. O-O Bg7 8. Ba3
dxc4 9. bxc4 Qa5 10. Qb3 c5 11. e3 O-O 12. Nc3 Rb8 13. Rac1 a6 14. Qa4 Qc7 15.
e4 e5 16. d5 Ne8 17. Rfd1 Nd6 18. Nd2 b5 19. cxb5 axb5 20. Nxb5 Nxb5 21. Bxc5
Nxc5 22. Qb4 Nd3 23. Rxc7 Nxb4 24. Rc4 Nxa2 25. Rb1 Bd7 26. Rb2 Nbc3 27. Rc2
Rfc8 28. Bf1 Rxc4 29. Bxc4 Ba4 30. Rxa2 Nxa2 31. Bxa2 Rb2 32. Nc4 Rxa2 33. d6
Ra1+ 0-1

[Event "IV Open A"]
[Site "Padova ITA"]
[Date "2001.12.16"]
[Round "3"]
[White "Sartori, Spartaco"]
[Black "Ungaro, Olindo"]
[Result "0-1"]
[WhiteElo "2250"]
[BlackElo "1800"]
[PlyCount "97"]
[EventDate "2001.12.15"]

1. c4 e5 2. Nc3 Nf6 3. Nf3 Nc6 4. g3 Bc5 5. Nxe5 Bxf2+ 6. Kxf2 Nxe5 7. e4 d6 8.
d4 Ng6 9. Be2 O-O 10. h4 Re8 11. h5 Nf8 12. Bf3 h6 13. Bf4 N6h7 14. Qd3 Ng5 15.
Rad1 Nxf3 16. Qxf3 Nh7 17. Nd5 c6 18. Ne3 Ng5 19. Bxg5 Qxg5 20. Rh4 Bd7 21. Rf4
Qe7 22. g4 Rad8 23. Rg1 f6 24. Nf5 Qe6 25. Ne3 Bc8 26. Kg3 Rd7 27. b3 Rf7 28.
Rf1 Qe7 29. Rf2 Qc7 30. Kh3 Qb6 31. c5 dxc5 32. Nc4 Qc7 33. dxc5 Rfe7 34. Nd6
Rf8 35. Qc3 Rd8 36. Kh4 Re5 37. Nf5 Bxf5 38. gxf5 Qe7 39. Qc4+ Kh8 40. b4 Qd7
41. a3 Re7 42. Qc2 Qd3 43. Qxd3 Rxd3 44. R2f3 Rd2 45. Rc3 a6 46. Kg3 Red7 47.
Kg4 Kh7 48. Rff3 Rg2+ 49. Rg3 0-1

[Event "IV Open A"]
[Site "Padova ITA"]
[Date "2001.12.16"]
[Round "3"]
[White "Sinato, Fabrizio"]
[Black "Giacomini, Massimo"]
[Result "1-0"]
[WhiteElo "1728"]
[BlackElo "1884"]
[PlyCount "61"]
[EventDate "2001.12.15"]

1. e4 c6 2. d4 d5 3. Nc3 dxe4 4. Nxe4 Nd7 5. Nf3 Ngf6 6. Bd3 Nxe4 7. Bxe4 Nf6
8. Qd3 g6 9. Bf4 Bg7 10. Be5 O-O 11. O-O-O Nxe4 12. Qxe4 Bf5 13. Qe3 f6 14. Bf4
g5 15. Bg3 Qd5 16. Qxe7 Qc4 17. Qc5 Qxa2 18. Qxf5 Qa1+ 19. Kd2 Qxb2 20. Rb1 Qa3
21. Rxb7 Rad8 22. Rhb1 Rfe8 23. R1b3 Qa6 24. Qd3 Qa5+ 25. c3 g4 26. Bf4 gxf3
27. Rxg7+ Kf8 28. Rf7+ Kxf7 29. Rb7+ Re7 30. Qxh7+ Ke6 31. Rxe7+ 1-0

[Event "IV Open A"]
[Site "Padova ITA"]
[Date "2001.12.16"]
[Round "3"]
[White "Trangoni, Bruno"]
[Black "De Bortoli, Peter"]
[Result "0-1"]
[WhiteElo "1662"]
[BlackElo "2194"]
[PlyCount "50"]
[EventDate "2001.12.15"]

1. f4 c5 2. Nf3 Nc6 3. e3 g6 4. Bb5 Bg7 5. O-O e6 6. Nc3 Nge7 7. Ne4 d6 8. c3
b6 9. Qe1 a6 10. Ba4 b5 11. Bc2 O-O 12. d3 b4 13. Bd2 Rb8 14. Qh4 Nd5 15. Qxd8
Rxd8 16. Ba4 Nce7 17. d4 bxc3 18. bxc3 Nb6 19. Rab1 Rb7 20. Nxd6 Rxd6 21. dxc5
Rxd2 22. Nxd2 Nxa4 23. Ne4 Nxc3 24. Rxb7 Bxb7 25. Nd6 Bc6 0-1

[Event "IV Open A"]
[Site "Padova ITA"]
[Date "2001.12.22"]
[Round "4"]
[White "Borgato, Alessandro"]
[Black "Lain, Luigi"]
[Result "0-1"]
[WhiteElo "1561"]
[BlackElo "1906"]
[PlyCount "32"]
[EventDate "2001.12.15"]

1. e4 e5 2. Nf3 Nc6 3. Bc4 Bc5 4. c3 Nf6 5. d4 exd4 6. cxd4 Bb4+ 7. Nc3 Nxe4 8.
O-O Bxc3 9. bxc3 d5 10. Re1 O-O 11. Qc2 Nxc3 12. Qxc3 dxc4 13. Qxc4 Be6 14.
Rxe6 fxe6 15. Qxe6+ Kh8 16. Ng5 Qe8 0-1

[Event "IV Open A"]
[Site "Padova ITA"]
[Date "2001.12.22"]
[Round "4"]
[White "Cacco, Christian"]
[Black "Tomba, Ivan"]
[Result "1-0"]
[WhiteElo "2254"]
[BlackElo "2109"]
[PlyCount "81"]
[EventDate "2001.12.15"]

1. d4 Nf6 2. Nf3 g6 3. g3 Bg7 4. Bg2 d6 5. O-O O-O 6. Nbd2 c5 7. c3 Nc6 8. e4
cxd4 9. Nxd4 Bd7 10. Re1 Qb6 11. Nc4 Qc5 12. Ne3 b5 13. a4 a6 14. Nxc6 Bxc6 15.
Nd5 Bxd5 16. exd5 b4 17. cxb4 Qxb4 18. Rxe7 Rae8 19. Rxe8 Rxe8 20. Bf4 Qxb2 21.
Rb1 Qa3 22. Qc2 h5 23. h3 h4 24. g4 Kh7 25. Bg5 Ng8 26. Bxh4 Bd4 27. Kh2 Bc5
28. Rb7 Kg7 29. Qc4 Qa1 30. Qf4 Rf8 31. g5 Bd4 32. Qe4 Qxa4 33. Bg3 Re8 34. Qf4
Ne7 35. Qxd6 Nf5 36. Qc7 Re7 37. Qxe7 Nxe7 38. Rxe7 Qb4 39. d6 Bxf2 40. Be5+
Kf8 41. Rb7 1-0

[Event "IV Open A"]
[Site "Padova ITA"]
[Date "2001.12.22"]
[Round "4"]
[White "Cedriano, Filippo"]
[Black "Opacic, Alexandar"]
[Result "0-1"]
[WhiteElo "1612"]
[BlackElo "2113"]
[PlyCount "76"]
[EventDate "2001.12.15"]

1. e4 c5 2. Nf3 e6 3. d4 cxd4 4. Nxd4 Nc6 5. Nc3 Nf6 6. Nxc6 bxc6 7. e5 Nd5 8.
Nxd5 cxd5 9. Be3 Qc7 10. Bd4 Bc5 11. c3 Rb8 12. Rb1 O-O 13. Bd3 Bxd4 14. cxd4
Ba6 15. O-O Bxd3 16. Qxd3 Qa5 17. a3 Rfc8 18. Rbc1 g6 19. b4 Qb6 20. Rc5 Rxc5
21. dxc5 Qc7 22. f4 a5 23. Rb1 axb4 24. axb4 Qc6 25. g4 d4 26. Qxd4 Qf3 27. Rd1
Qxg4+ 28. Kh1 Qf3+ 29. Kg1 Rxb4 30. Qxb4 Qxd1+ 31. Kg2 Qd5+ 32. Kg3 Kg7 33. Qb6
Qd3+ 34. Kg2 Qd2+ 35. Kg3 Qe3+ 36. Kg2 Qxf4 37. Qd6 Qe4+ 38. Kf1 Qh1+ 0-1

[Event "IV Open A"]
[Site "Padova ITA"]
[Date "2001.12.22"]
[Round "4"]
[White "De Bortoli, Peter"]
[Black "Ungaro, Olindo"]
[Result "1-0"]
[WhiteElo "2194"]
[BlackElo "1800"]
[PlyCount "73"]
[EventDate "2001.12.15"]

1. d4 Nf6 2. Nf3 d5 3. Nbd2 c6 4. Ne5 Bf5 5. e3 e6 6. g4 Bg6 7. h4 Ne4 8. h5 f6
9. hxg6 fxe5 10. dxe5 Nxd2 11. Bxd2 h6 12. Rh5 Be7 13. Qe2 Nd7 14. Bg2 Qc7 15.
f4 O-O-O 16. O-O-O Rhe8 17. Kb1 Nc5 18. Bc1 Qb6 19. c3 a5 20. Rhh1 Bf8 21. Qc2
a4 22. Rd4 Qc7 23. c4 a3 24. b3 Na6 25. cxd5 exd5 26. Ra4 Qb6 27. Rd1 Kb8 28.
Bf1 Nc5 29. Rxa3 Ne4 30. Ra4 Bb4 31. Bb2 Bc5 32. Bd3 Bxe3 33. Bxe4 dxe4 34.
Rxe4 Rxd1+ 35. Qxd1 Rd8 36. Qe2 Bd2 37. e6 1-0

[Event "IV Open A"]
[Site "Padova ITA"]
[Date "2001.12.22"]
[Round "4"]
[White "Dervishi, Erald"]
[Black "Sinato, Fabrizio"]
[Result "1-0"]
[WhiteElo "2501"]
[BlackElo "1728"]
[PlyCount "59"]
[EventDate "2001.12.15"]

1. e4 c5 2. Nf3 d6 3. d4 cxd4 4. Nxd4 Nf6 5. Nc3 a6 6. Be2 e5 7. Nb3 Be6 8. O-O
Nbd7 9. a4 Be7 10. Kh1 O-O 11. Be3 Rc8 12. f3 Rc6 13. Rf2 Nh5 14. Bf1 Bg5 15.
Bxg5 Qxg5 16. Qd2 Qh4 17. Kg1 f5 18. Na5 Rb6 19. Bc4 Bxc4 20. Nxc4 Rc6 21. Nxd6
g6 22. Qd5+ Kg7 23. Nxb7 Rc7 24. Nc5 Kh6 25. Ne6 Ndf6 26. Qd2+ f4 27. Nxc7 Ng3
28. hxg3 Qxg3 29. Ne2 Qh4 30. g3 1-0

[Event "IV Open A"]
[Site "Padova ITA"]
[Date "2001.12.22"]
[Round "4"]
[White "Giacomini, Massimo"]
[Black "Trangoni, Bruno"]
[Result "1-0"]
[WhiteElo "1884"]
[BlackElo "1662"]
[PlyCount "65"]
[EventDate "2001.12.15"]

1. Nf3 f5 2. e4 fxe4 3. Ng5 Nf6 4. d3 e3 5. Bxe3 d5 6. d4 Bf5 7. Bd3 Qd7 8. c4
Nc6 9. Bxf5 Qxf5 10. Qb3 Nxd4 11. Bxd4 Qxg5 12. O-O O-O-O 13. Nc3 dxc4 14. Qxc4
Nd5 15. h4 Qf5 16. Rac1 Nxc3 17. Rxc3 Qd7 18. Bxa7 e6 19. Rfc1 Bd6 20. Qe4 Rhf8
21. Rb3 c6 22. g3 Bc7 23. Qb4 Bd6 24. Qa4 Bc7 25. Bc5 Rf7 26. Qa8+ Bb8 27. Ba7
Qd6 28. Rxc6+ Qxc6 29. Qxb8+ Kd7 30. Rd3+ Qd5 31. Rxd5+ exd5 32. Qe5 Kc6 33.
Qe6+ 1-0

[Event "IV Open A"]
[Site "Padova ITA"]
[Date "2001.12.22"]
[Round "4"]
[White "Tomio, Dante"]
[Black "Cecchetto, Vanni"]
[Result "0-1"]
[WhiteElo "1788"]
[BlackElo "2062"]
[PlyCount "96"]
[EventDate "2001.12.15"]

1. d4 Nf6 2. Nf3 e6 3. Bg5 d5 4. e3 Be7 5. Nbd2 Nbd7 6. Bd3 c5 7. c3 O-O 8. Ne5
Nxe5 9. dxe5 Nd7 10. Bf4 f5 11. h4 c4 12. Bc2 Nc5 13. Qe2 b6 14. Nf3 Ba6 15.
Nd4 Qd7 16. g4 Nd3+ 17. Bxd3 cxd3 18. Qf3 Bc5 19. gxf5 Bxd4 20. exd4 Rxf5 21.
Qg3 Raf8 22. Be3 Qb5 23. O-O-O Qa4 24. Kb1 Bc4 25. b3 Bxb3 26. Rd2 Bc2+ 27. Kb2
b5 28. Bh6 R8f7 29. Rg1 g6 30. f4 b4 31. Rxd3 Bxd3 32. Qxd3 Qa3+ 33. Ka1 Qxc3+
34. Qxc3 bxc3 35. Kb1 Rc7 36. Kc2 Rc4 37. Rb1 Rc8 38. Bg5 Rf7 39. Bf6 Rfc7 40.
h5 gxh5 41. f5 Kf7 42. fxe6+ Kxe6 43. Rh1 Rc4 44. Rxh5 Rxd4 45. Rxh7 Rd2+ 46.
Kc1 Rxa2 47. Re7+ Kf5 48. Rd7 c2 0-1

[Event "IV Open A"]
[Site "Padova ITA"]
[Date "2001.12.22"]
[Round "4"]
[White "Viaggi, Stefano"]
[Black "Caruso, Augusto"]
[Result "0-1"]
[WhiteElo "1764"]
[BlackElo "2260"]
[PlyCount "84"]
[EventDate "2001.12.15"]

1. Nf3 Nc6 2. d4 d5 3. Bf4 Bg4 4. Nbd2 e6 5. c3 Nf6 6. h3 Bh5 7. Ne5 Nxe5 8.
dxe5 Nd7 9. g4 g5 10. Bg3 Bg6 11. Qa4 c6 12. Bg2 b5 13. Qd1 Qc7 14. Nf3 Be4 15.
O-O Bxf3 16. exf3 Bg7 17. Qd2 h6 18. a4 Bxe5 19. Bxe5 Qxe5 20. axb5 cxb5 21.
Rfe1 Qd6 22. Rxa7 Rxa7 23. Qd4 O-O 24. Qxa7 Nc5 25. Bf1 Rb8 26. b4 Na4 27. Rc1
Nb2 28. Qd4 e5 29. Qd2 Nc4 30. Bxc4 bxc4 31. Qb2 Rc8 32. b5 Rb8 33. Rb1 d4 34.
b6 Rb7 35. Qb4 Qc6 36. Ra1 Rxb6 37. Ra8+ Qxa8 38. Qxb6 Qd5 39. Qxh6 Qd8 40. Qc6
d3 41. Qa4 d2 42. Qd1 Qd3 0-1

[Event "IV Open A"]
[Site "Padova ITA"]
[Date "2001.12.22"]
[Round "4"]
[White "Viola, Matteo"]
[Black "Quaranta, Cristiano"]
[Result "1-0"]
[WhiteElo "1916"]
[BlackElo "1627"]
[PlyCount "49"]
[EventDate "2001.12.15"]

1. e4 c5 2. Nc3 Nc6 3. g3 d6 4. Bg2 Nf6 5. Nge2 g6 6. d3 Bg7 7. O-O O-O 8. h3
a6 9. a4 e6 10. f4 Qc7 11. g4 Bd7 12. Ng3 Rac8 13. f5 d5 14. Bf4 Qb6 15. g5
Qxb2 16. Qd2 Nxe4 17. Ngxe4 Bd4+ 18. Be3 dxe4 19. Nxe4 Bxe3+ 20. Qxe3 Qd4 21.
Nf6+ Kh8 22. Qxd4 Nxd4 23. Nxd7 Rfd8 24. fxe6 Nxe6 25. Ne5 1-0

[Event "IV Open A"]
[Site "Padova ITA"]
[Date "2001.12.22"]
[Round "4"]
[White "Zanirato, Stefano"]
[Black "Sartori, Spartaco"]
[Result "0-1"]
[WhiteElo "1659"]
[BlackElo "2250"]
[PlyCount "96"]
[EventDate "2001.12.15"]

1. Nf3 Nf6 2. d3 d5 3. c3 g6 4. Qc2 Bg7 5. e4 O-O 6. Be2 Bg4 7. O-O e6 8. Bg5
h6 9. Be3 Nbd7 10. h3 Bxf3 11. Bxf3 c5 12. exd5 Nxd5 13. Bxd5 exd5 14. d4 cxd4
15. Bxd4 Bxd4 16. cxd4 Rc8 17. Qd2 Qh4 18. Na3 Nf6 19. f3 Nh5 20. Qf2 Qf4 21.
Rfe1 Rfe8 22. Rxe8+ Rxe8 23. Nc2 Qg5 24. Re1 Rc8 25. Kh2 Kg7 26. Ne3 Nf4 27.
Qg3 Qf6 28. Qg4 Re8 29. h4 h5 30. Qg3 Rc8 31. Qg5 Qxg5 32. hxg5 Ne6 33. Nxd5
Rc2 34. Ne3 Rxb2 35. d5 Nxg5 36. Kg3 Rxa2 37. Rd1 Re2 38. Rd3 a5 39. Kf4 Kf6
40. d6 Ne6+ 41. Kg3 Nc5 42. Nd5+ Ke5 43. d7 Nxd7 44. Nc3 Rc2 45. f4+ Ke6 46.
Ne4 Ke7 47. Rb3 Rc4 48. Kf3 Rxe4 0-1

[Event "IV Open A"]
[Site "Padova ITA"]
[Date "2001.12.23"]
[Round "5"]
[White "Cacco, Christian"]
[Black "Dervishi, Erald"]
[Result "0-1"]
[WhiteElo "2254"]
[BlackElo "2501"]
[PlyCount "66"]
[EventDate "2001.12.15"]

1. d4 Nf6 2. Nf3 e6 3. c4 d5 4. Bg5 Be7 5. Nc3 O-O 6. e3 Nbd7 7. Qc2 c6 8. a3
Re8 9. cxd5 exd5 10. Bd3 Nf8 11. O-O g6 12. Ne5 Ne6 13. f4 Ng7 14. Rae1 Bf5 15.
Re2 Nd7 16. Bxe7 Rxe7 17. Bxf5 Nxf5 18. g4 Nd6 19. g5 Nf5 20. Ng4 Re6 21. Qd3
Qe7 22. e4 dxe4 23. Nxe4 Rd8 24. Rfe1 h5 25. Nef6+ Nxf6 26. Nxf6+ Kf8 27. d5
cxd5 28. b4 d4 29. Re5 Ne3 30. Re4 Rxe4 31. Nxe4 Qc7 32. f5 Qf4 33. fxg6 Qf3
0-1

[Event "IV Open A"]
[Site "Padova ITA"]
[Date "2001.12.23"]
[Round "5"]
[White "Caruso, Augusto"]
[Black "De Bortoli, Peter"]
[Result "0-1"]
[WhiteElo "2260"]
[BlackElo "2194"]
[PlyCount "44"]
[EventDate "2001.12.15"]

1. e4 c5 2. Nf3 Nc6 3. d4 cxd4 4. Nxd4 Nf6 5. Nc3 g6 6. Bc4 Qc7 7. Ndb5 Qb8 8.
Nd5 Nxd5 9. exd5 Ne5 10. d6 exd6 11. Qe2 Be7 12. f4 Nxc4 13. Qxc4 O-O 14. Nc7
b5 15. Qc3 Bb7 16. f5 Qd8 17. Nxa8 Bf6 18. Qd2 Re8+ 19. Kd1 Re5 20. c4 bxc4 21.
Qb4 Qxa8 22. fxg6 Bxg2 0-1

[Event "IV Open A"]
[Site "Padova ITA"]
[Date "2001.12.23"]
[Round "5"]
[White "Cecchetto, Vanni"]
[Black "Viola, Matteo"]
[Result "0-1"]
[WhiteElo "2062"]
[BlackElo "1916"]
[PlyCount "56"]
[EventDate "2001.12.15"]

1. d4 f5 2. Nf3 g6 3. g3 Bg7 4. Bg2 Nf6 5. c4 d6 6. Nc3 O-O 7. O-O Nc6 8. Bg5
h6 9. Bxf6 Bxf6 10. e4 e5 11. d5 Ne7 12. b4 g5 13. Nd2 f4 14. Rc1 g4 15. f3 h5
16. c5 Bd7 17. Nc4 Ng6 18. c6 bxc6 19. dxc6 Be6 20. Nd5 Bg5 21. Rb1 Rf7 22. a4
Qf8 23. Rb2 Qh6 24. fxg4 hxg4 25. b5 Rh7 26. Bh1 fxg3 27. Qe2 Nf4 28. Qc2 g2
0-1